| 000 | 00830nam a2200253 a 4500 | ||
|---|---|---|---|
| 001 | 000020088 | ||
| 005 | 20200929170248.0 | ||
| 008 | 100720s1966 ag 001 f spa d | ||
| 040 |
_aDO-SdBNP _bspa _cBNPHU |
||
| 082 |
_a863.6 _bP438t, 1966 |
||
| 100 | 1 |
_aPérez de Ayala, Ramón, _d1880-1962 _915031 |
|
| 245 | 1 | 0 |
_aTigre Juan / _cRamón Pérez de Ayala. |
| 250 | _a4a ed. | ||
| 260 |
_aBuenos Aires, Argentina : _bEspasa-Calpe Argentina, _c1966. |
||
| 300 |
_a151 p. ; _c18 cm. |
||
| 490 | 1 |
_aAustra. Azul: novelas y cuentos en general _v198 |
|
| 500 | _aIncluye notas al pie de las páginas. | ||
| 500 | _aIncluye índice de autores. | ||
| 650 | 4 |
_aNovela española _91123 |
|
| 650 | 4 |
_aLiteratura española _9632 |
|
| 830 | 0 |
_aAustra. Azul: novelas y cuentos en general ; _v198 _942670 |
|
| 910 | _aWM | ||
| 049 | _aBNGR | ||
| 999 |
_c19596 _d19596 |
||